[Event "Faxe EMT"]
[Site "Faxe"]
[Date "2001.05.02"]
[Round "6"]
[White "Manly, Arne"]
[Black "Hansen, Mogens Egon"]
[Result "0-1"]
[WhiteElo "1466"]
[BlackElo "1363"]
[PlyCount "108"]
[EventDate "2001.03.21"]
[EventType "swiss"]
[EventRounds "7"]
[EventCountry "DEN"]
[SourceTitle "EXT 2023"]
[Source "ChessBase"]
[SourceDate "2022.10.05"]
[SourceVersion "1"]
[SourceVersionDate "2022.10.05"]
[SourceQuality "1"]

1. e4 c5 2. Nf3 d6 3. c3 Nf6 4. Qc2 Nc6 5. Bb5 Bd7 6. d4 cxd4 7. cxd4 Rc8 8. Nc3 e6 9. a3 a6 10. Ba4 Be7 11. 0-0 0-0 12. Bb3 Qb6 13. Be3 Qc7 14. h3 Na5 15. Ba2 Nc4 16. Rad1 Nxb2 17. Qxb2 Qxc3 18. Qxc3 Rxc3 19. e5 Ne8 20. Bc1 d5 21. Bb2 Rc8 22. Rc1 Nc7 23. Rfe1 Nb5 24. a4 Na7 25. Bb3 Nc6 26. Re3 Rc7 27. Bc3 Rfc8 28. Bd2 Nb4 29. Rec3 Rxc3 30. Rxc3 Nc6 31. Kf1 Na7 32. Rxc8+ Nxc8 33. Ne1 b5 34. axb5 Bxb5+ 35. Kg1 Nb6 36. Nc2 Nc4 37. Bb4 Bxb4 38. Nxb4 Na5 39. Bc2 Nc6 40. Nxc6 Bxc6 41. Kf1 Bb5+ 42. Ke1 Kf8 43. Kd2 h6 44. g3 Ke7 45. Kc3 Kd7 46. Kb4 Kc6 47. f4 Kb6 48. g4 g6 49. f5 g5 50. Ba4 a5+ 51. Kb3 Bxa4+ 52. Kxa4 Ka6 53. Kb3 Kb5 54. Kc3 a4 0-1

[Event "Faxe EMT"]
[Site "Faxe"]
[Date "2001.04.04"]
[Round "3"]
[White "Manly, Arne"]
[Black "Hansen, Egon"]
[Result "0-1"]
[WhiteElo "1466"]
[BlackElo "1691"]
[PlyCount "60"]
[EventDate "2001.03.21"]
[EventType "swiss"]
[EventRounds "7"]
[EventCountry "DEN"]
[SourceTitle "EXT 2023"]
[Source "ChessBase"]
[SourceDate "2022.10.05"]
[SourceVersion "1"]
[SourceVersionDate "2022.10.05"]
[SourceQuality "1"]

1. d4 Nf6 2. c4 g6 3. Nc3 d5 4. Nf3 c6 5. c5 Bg7 6. Bf4 0-0 7. a3 Nbd7 8. Qc2 Re8 9. e3 Nh5 10. 0-0-0 e5 11. Bxe5 Nxe5 12. Nxe5 Bxe5 13. dxe5 Rxe5 14. Rd4 Qe7 15. b4 Ng7 16. Bd3 Ne6 17. Rg4 Nxc5 18. Rg3 Nxd3+ 19. Qxd3 Bf5 20. Qd2 Re8 21. Re1 Qd8 22. f4 R5e6 23. Qd4 b6 24. Rf3 Qh4 25. Rh1 Be4 26. Rg3 Qd8 27. h4 c5 28. bxc5 Rc6 29. cxb6 Rc4 30. Qd2 Qxb6 0-1